Responses for Show #3227 - Tuesday, September 22, 1998

Lance Johnson game 5.

Contestants

[<< previous game]

Dave Lasher, an environmental engineer from Albany, New York

Mary Flaherty, a professor and lawyer from Gloucester, Massachusetts

Lance Johnson, an event coordinator from Champaign, Illinois (whose 4-day cash winnings total $40,501)

[next game >>]

Jeopardy! Round responses

U.S. PLACE NAMES
MAMMALS
MORE THAN "ONE" MOVIE
SPORTING CLICHES
PHONIES
SYMPHONIES
    $100 1
Potomac

Mary
    $100 2
[ERRATUM: The correct spelling is "marten".]

porcupines

Lance
    $100 13
One Flew Over the Cuckoo's Nest

Mary
    $100 19
boxing

Lance
    $100 11
Stanley Kubrick

Lance
    $100 14
the English horn

Mary
    $200 3
Hannibal, Missouri

Lance
    $200 7
Africa

Lance
    $200 15
(Alex: Clark Gable & Claudette Colbert.)

It Happened One Night

Mary
    $200 20
golf

Lance
    $200 12
Milli Vanilli

Lance
    $200 27
Ludwig van Beethoven

Mary
    $300 4
Okeechobee

Lance
    $300 8
teeth

Lance
    $300 16
The Wild One

Mary
    $300 21
baseball

Dave
    $300 24
(Lance: Who is Sequoyah?)
...
(Alex: Less than a minute to go.)

Little Tree

Lance
Triple Stumper
    $300 28
Romantic music

Mary
    $500 5
Diamond Head

Lance
    $400 9
termites

Lance
    $400 17
One Fine Day

Mary
    $400 22
wrestling

Mary
    $400 25
Baron von Munchausen

Lance
    $400 29
(Mary: What is 2?)
...
[The end-of-round signal sounds.]

3

Mary
Triple Stumper
    $500 6
Evanston

Mary
    $500 10
(Lance: What is a gorilla?)
(Mary: What is an orangutan?)

chimpanzees

LanceMary
Triple Stumper
    $500 18
(Dave: What is Public Enemy No. 1?)

One, Two, Three

Dave
Triple Stumper
    $500 23
rowing

Mary
    $500 26
Jan Vermeer

Triple Stumper

Scores at the first commercial break (after clue 12):

Lance Mary Dave
$1,800 $100 $0

Scores at the end of the Jeopardy! Round:

Lance Mary Dave
$2,200 $2,200 -$200

Double Jeopardy! Round responses

WORLD HISTORY
NONFICTION
FAMOUS NAMES
THE WOMAN AT THE MIKE
PUT 'EM IN ORDER
(Alex: Chronological order.)
"U" GOT IT!
    $200 1
China

Lance
    $200 11
Vienna

Dave
    $200 6
Desmond Tutu

Dave
    $200 23
Judy Garland

Dave
    $200 13
Meet the Beatles, Revolver, Sgt. Pepper's Lonely Hearts Club Band

Lance
    $200 18
Urn

Dave
    $400 2
(Dave: What is Italy?)

Monaco

LanceDave
    $400 12
(Mary: Who is Edith Hamilton?)

Joseph Campbell

Mary
Triple Stumper
    $400 7
Florence Nightingale

Lance
    $400 24
Debbie Gibson

Dave
    $400 14
Lady Jane Grey, Calamity Jane, Jane Curtin

Lance
    $400 19
Underground

Lance
    $600 3
Iceland

Lance
    $600 8
Joan of Arc

Lance
    $600 25
Love

Triple Stumper
    $600 15
(Mary: Who are Daniel, William, and Alec?)
(Dave: Who are William, Daniel, and Alec?)

Alec, Daniel, William

MaryDave
Triple Stumper
    $600 20
Uganda

Dave
    $1,000 4
Simon Bolivar

Lance
    $800 9
The Salvation Army

Lance
    $800 26
[The end-of-round signal sounds.]

Marlene Dietrich

Mary
    $800 16
Ramses II, King Solomon, Nebuchadnezzar

Lance
    $800 21
Ur

Lance
    $1000 5
Richard the Lionhearted

Mary
    $1000 10
Athens

Mary
    $1000 17
Oklahoma, Arizona & Hawaii

Lance
    $1000 22
(Alex: Less than a minute to go.)

Uncas

Lance

Scores at the end of the Double Jeopardy! Round:

Lance Mary Dave
$10,800 $4,000 $600
(lock game)

[wagering suggestions for these scores]

Final Jeopardy! Round responses

20th CENTURY WORDS
(Alex: We've got a lot of them!)
(Alex: Dave, we couldn't accept your response since you added a hyphen & an extra "E".)
[NOTE: Even though Lance became a 5-time champion and was entitled to his choice of a vehicle, this was never mentioned at the end of this show.]
DaveWhat is tele-evangelist?
$400
MaryWhat is line boy?
$2,022
LanceWhat is gofer?
$0
televangelist

Final scores:

Lance Mary Dave
$10,800 $1,978 $200
5-day champion: $51,301 2nd place: Windjammer Caribbean cruise 3rd place: Vivitar sports travel kit

Game dynamics:

Coryat scores:

Lance Mary Dave
$10,500 $4,000 $600
26 R
(including 3 DDs),
2 W
14 R,
4 W
7 R,
3 W

Combined Coryat: $15,100

[game clues] [game scores] [suggest correction]

Game tape date: 1998-07-21
The J! Archive is created by fans, for fans. Scraping, republication, monetization, and malicious use prohibited; this site may use cookies and collect identifying information. See terms. The Jeopardy! game show and all elements thereof, including but not limited to copyright and trademark thereto, are the property of Jeopardy Productions, Inc. and are protected under law. This website is not affiliated with, sponsored by, or operated by Jeopardy Productions, Inc. Join the discussion at JBoard.tv.